Emergency first aid : (Record no. 7547)

MARC details
000 -LEADER
fixed length control field 01069pam a2200277 4500
003 - CONTROL NUMBER IDENTIFIER
control field IeDuTC
005 - DATE AND TIME OF LATEST TRANSACTION
control field 20181127190552.0
008 - FIXED-LENGTH DATA ELEMENTS--GENERAL INFORMATION
fixed length control field 060516s2006 enka 001 0 eng
020 ## - INTERNATIONAL STANDARD BOOK NUMBER
International Standard Book Number 1405315733 (pbk.) :
Terms of availability 12.99
International Standard Book Number 9781405315739 (pbk.) :
Terms of availability 12.99
082 04 - DEWEY DECIMAL CLASSIFICATION NUMBER
Classification number 616.0252
Edition number 22
110 ## - MAIN ENTRY--CORPORATE NAME
Corporate name or jurisdiction name as entry element British Red Cross Society.
Subordinate unit
Location of meeting
Date of meeting or treaty signing
Relator term
Number of part/section/meeting
Name of part/section of a work
245 00 - TITLE STATEMENT
Title Emergency first aid :
Remainder of title the authorised manual of St. John Ambulance, St. Andrew's Ambulance Association, and the British Red Cross.
250 ## - EDITION STATEMENT
Edition statement Rev. ed.
260 ## - PUBLICATION, DISTRIBUTION, ETC.
Place of publication, distribution, etc. London :
Name of publisher, distributor, etc. Dorling Kindersley,
Date of publication, distribution, etc. 2006.
300 ## - PHYSICAL DESCRIPTION
Extent 288 p. :
Other physical details col. ill. ;
Dimensions 22 cm. +
Accompanying material Includes emergency first aid booklet.
500 ## - GENERAL NOTE
General note Formerly CIP.
Institution to which field applies Uk.
General note Includes index.
General note Previous ed.: 2002.
650 #0 - SUBJECT ADDED ENTRY--TOPICAL TERM
Topical term or geographic name entry element First aid in illness and injury
Form subdivision Handbooks, manuals, etc.
Topical term or geographic name entry element Medical emergencies
Form subdivision Popular works.
710 2# - ADDED ENTRY--CORPORATE NAME
Corporate name or jurisdiction name as entry element British Red Cross Society.
Corporate name or jurisdiction name as entry element St. Andrew's Ambulance Association.
Corporate name or jurisdiction name as entry element St. John Ambulance Association and Brigade.
Holdings
Withdrawn status Lost status Source of classification or shelving scheme Damaged status Not for loan Collection code Home library Current library Shelving location Date acquired Serial Enumeration / chronology Inventory number Total Checkouts Full call number Barcode Date last seen Copy number Price effective from Koha item type Total Renewals Date last checked out
    Dewey Decimal Classification     Main TEST RTC Library RTC Library Main opac 04/07/2022 13185   616 BAR 30013385 04/07/2022 1 27/11/2018 Main    
    Dewey Decimal Classification     Main TEST RTC Library RTC Library Main opac 04/07/2022 13186 1 616 BAR 30013485 27/06/2025 2 27/11/2018 Main 1 20/02/2025
Royal Thimphu College || All Right Reserved